000 00470nam a2200157 4500
999 _c5428
_d5428
008 161102b xxu||||| |||| 00| 0 eng d
022 _a9770118389007
082 _aDPer 641.05 F73 Mar-Nov 2012
100 _916724
_aFenix, Michaela
245 _aCamiguin naturally/
_cMichaela Fenix.
260 _aQuezon City:
_bABS CBN Publishing, Inc.,
_c©2012.
300 _apages 76-80;
_c30 cm.
500 _aFood.
650 0 _916725
_aTourist trade
942 _2ddc
_cPER